• 首页
  • 本馆介绍
  • 公告通知
  • 最新文献
  • 馆藏检索
  • 电子资源
  • 读者导购
  • 参考咨询
  • 我的图书馆
  • 登录
  • 详细信息显示
  • 放入我的书架
  • 预约/预借图书
  • 作者相关作品
  • 分类相关作品
  • 丛书相关作品
  • 出版社相关作品

书目信息

  • 表格格式
  • 工作单格式
  • 卡片格式
题名:
服务营销学
    
 
作者: 叶万春 主编
分册:  
出版信息: 北京   高等教育出版社  2015
页数: 322页
开本: 26cm
丛书名:
单 册:
中图分类: F719.0
科图分类:
主题词: 服务营销--高等学校--教材
电子资源:
ISBN: 978-7-04-042418-8
000 00994nam0 2200253 450
001 0103552897
005 20200815102051.0
010    @a978-7-04-042418-8@dCNY42
100    @a20150710d2015 em y0chiy0120 ea
101 0  @achi
102    @aCN@b110000
105    @ay z 000yy
106    @ar
200 1  @a服务营销学@9Fu Wu Ying Xiao Xue @f叶万春[等]主编@b专著
210    @a北京@c高等教育出版社@d2015
215    @a322页@d26cm
300    @a面向21世纪课程教材 普通高等教育“十一五”国家级规划教材 高等学校市场营销专业主干课程系列教材
304    @a主编还有:王红、叶敏、张莉
330    @a本书共十七章,详尽地阐述了服务营销与市场营销的联系与区别、服务营销学的兴起与发展、服务市场、服务消费行为、服务企业定位、服务理念创新、服务营销规划、服务营销的7种变量组合策略以及服务文化、网上服务、服务绩效评估等内容。
606 0  @a服务营销@x高等学校@j教材
690    @aF719.0@v5
701  0 @a叶万春@f(1967.7~)@4主编@9ye wan chun
801  0 @aCN@bAZmarc@c20230907
905    @aBZT@dF719@e58@f1@sF719/58
    
    服务营销学/叶万春[等]主编.-北京:高等教育出版社,2015
    322页;26cm
    面向21世纪课程教材 普通高等教育“十一五”国家级规划教材 高等学校市场营销专业主干课程系列教材
    
    ISBN 978-7-04-042418-8:CNY42
    本书共十七章,详尽地阐述了服务营销与市场营销的联系与区别、服务营销学的兴起与发展、服务市场、服务消费行为、服务企业定位、服务理念创新、服务营销规划、服务营销的7种变量组合策略以及服务文化、网上服务、服务绩效评估等内容。
●
相关链接 在五车中查询图书 在当当中查询图书 在豆瓣中查询图书


正题名:服务营销学     索取号:F719/58         预约/预借

序号 登录号 条形码 馆藏地/架位号 状态 备注
1 2000004098   2000004098   旧书回溯/ [索取号:F719/58] 在馆    
山东省滨州职业学院图书馆 欢迎您!
大连网信软件有限公司© 版权所有